Democratization in Southeast and East Asia /

Bibliographic Details
Corporate Authors: Institute of Southeast Asian Studies, Conference on Rapid Economic Growth and Democratization in East and Southeast Asia
Other Authors: Anek Laothamatas
Format: Conference Proceeding Book
Language:English
Published: New York : Singapore : St. Martin's Press ; Institute of Southeast Asian Studies, 1997.
Subjects:

MARC

Tag First Indicator Second Indicator Subfields
LEADER 00000cam a2200000 a 4500
001 in00001404926
005 20151020064051.0
008 961204s1997 nyu b 101 0 eng
010 |a  96052735  
020 |a 0312173644 (St. Martin's Press : cloth) 
020 |a 981305557X (hardcover, ISEAS, Singapore) 
020 |a 9813055316 (softcover, ISEAS, Singapore) 
020 |a 9747100347 (Thailand : softcover) 
035 |a (OCoLC)36121621 
035 |9 AHP4434AM 
040 |a DLC  |c DLC  |d TXA  |d UtOrBLW 
043 |a as-----  |a ae----- 
049 |a TXAM 
050 0 0 |a JQ96.A91  |b D46 1997 
082 0 0 |a 320.959  |2 21 
245 0 0 |a Democratization in Southeast and East Asia /  |c edited by Anek Laothamatas. 
264 1 |a New York :  |b St. Martin's Press ;  |a Singapore :  |b Institute of Southeast Asian Studies,  |c 1997. 
300 |a x, 272 pages ;  |c 24 cm. 
336 |a text  |b txt  |2 rdacontent 
337 |a unmediated  |b n  |2 rdamedia 
338 |a volume  |b nc  |2 rdacarrier 
500 |a Based on the Conference on Rapid Economic Growth and Democratization in East and Southeast Asia, held in 1994, in Singapore, sponsored by the Institute of Southeast Asian Studies. 
504 |a Includes bibliographical references and index. 
650 0 |a Democracy  |z Southeast Asia. 
650 0 |a Democracy  |z East Asia. 
651 0 |a Southeast Asia  |x Politics and government  |y 1945- 
651 0 |a East Asia  |x Politics and government. 
700 0 |a Anek Laothamatas. 
710 2 |a Institute of Southeast Asian Studies. 
711 2 |a Conference on Rapid Economic Growth and Democratization in East and Southeast Asia  |d (1994 :  |c Singapore) 
948 |a c:ce 
999 |a MARS 
999 f f |s 2932076e-8bdc-39f2-834d-9219fb7b8ea7  |i 6e65f749-5b2a-34b3-920e-2b883c29048a  |t 0 
952 f f |p ric  |a Texas A&M University  |b Rellis Campus  |c Joint Library Facility  |d Remote Storage  |t 0  |e JQ96.A91 D46 1997  |h Library of Congress classification  |i unmediated -- volume  |m A14822480087 
998 f f |a JQ96.A91 D46 1997  |t 0  |l Remote Storage